| 000 | 00872cab a2200265 4500 | ||
|---|---|---|---|
| 001 | ABS55286 | ||
| 008 | 090401t1996 xxu||||| |||| 00| 0 eng d | ||
| 035 | _a(Sirsi) u15462 | ||
| 041 | _aeng | ||
| 100 | _aSpring, M. | ||
| 245 | _aNaval gazing | ||
| 260 | _c1996 | ||
| 350 | _a0 | ||
| 490 |
_aBuilding _v261(7946) 21 June 1996, 46-52(7) |
||
| 520 | _aA feature investigating how the Western Morning News building in Plymouth has performed since its completion. Covers fitness for purpose, comfort, maintenance and ease of operation. | ||
| 650 | _aBUILT ENVIRONMENT-BUILDING MAINTENANCE AND REFURBISHMENT | ||
| 650 | _aGLAZING GLARE | ||
| 650 |
_aHEALTH AND SAFETY _96244 |
||
| 650 | _aPLYMOUTH | ||
| 650 | _aSOLAR GAIN | ||
| 650 | _aWESTERN MORNING NEWS BUILDING | ||
| 690 | _aBUILT ENVIRONMENT-CONSTRUCTION DESIGN | ||
| 942 | _n0 | ||
| 948 | _c04/03/1997 | ||
| 999 |
_c10143 _d10143 |
||